Investigaciones sobre gňero Aspectos conceptuales y metodolg̤icos /

Detalles Bibliográficos
Autor principal: Quintero Soto, Mara̕ Luisa
Otros Autores: Fonseca Hernǹdez, Carlos
Formato: eBook
Lenguaje:español
Publicado: Ciudad de Mx̌ico: Cm̀ara de Diputados, 2008
Materias:
Acceso en línea:Acceso restringido

MARC

LEADER 00000nam a22000007a 4500
005 20171212191028.0
007 cr|||| ||||
008 171212s2008 mx |||||s|||| 00||0 spa d
020 |a 978-607-401-067-1 
035 |a 20899 
040 |a vLex 
090 |c 7311  |d 7311 
100 1 |a Quintero Soto, Mara̕ Luisa 
245 1 0 |a Investigaciones sobre gňero  |h [Recurso electrn̤ico]:  |b Aspectos conceptuales y metodolg̤icos /  |c Mara̕ Luisa Quintero Soto; Carlos Fonseca Hernǹdez 
256 |a Servicio en ln̕ea 
260 |a Ciudad de Mx̌ico:  |b Cm̀ara de Diputados,  |c 2008 
300 |a 1 recurso electrn̤ico 
506 1 |a Disponible solo en los productos indicados  |d vLex Global  |d vLex Global (Academic Edition, excluding Law Schools)  |d vLex Global (U.S. Academic Edition, Law Schools)  |d vLex Global (U.S. Academic Edition, excluding Law Schools)  |d vLex Global (Academic Edition, Law Schools) 
650 0 4 |a Derecho Civil  |z Mx̌ico 
650 0 4 |a Derecho Constitucional  |z Mx̌ico 
700 1 |a Fonseca Hernǹdez, Carlos  
740 0 |a vLex Libros (Servicio en ln̕ea) 
856 4 0 |u http://vlex.com/source/investigaciones-sobre-genero-aspectos-conceptuales-y-metodologicos-20899  |z Acceso restringido 
942 |c BOOK 
999 0 |a Civil law 
999 0 |a Constitutional law